1067 1183 1843 1285 1437 1286 1326 1963 1695 1821 1535 1916 1181 1945 1469 1074 1991 1763 1486 1222 1742 1427 1179 1250 1772 1223 1782 1616 1682 1826 1056 1687 1157 1880 1497 1567 1609 1307 1383 1663 1627 1461 1023 1370 1636 1857 1095 1739 1993 1897 1720 1728 1457 1117 1592 1995 1666 1627 1532 1396 1193 1860 1796 1543 1216 1276 1903 1265 1040 1200 1163 1852 1649 1519 1477 1348 1167 1960 1806 1750 1942 1959 1031 1205 1606 1705 1599 1599 1034 1428 1032 1181 1984 1162 1644 1812 1940 1430 1994 BCNSPRNW ULIB Ver.6.0+V

เปลี่ยนเป็นภาษาไทย

Change to English
 แสดงรายละเอียดบรรณานุกรม
  กลับหน้าหลัก

Brief Record : Get Marc (ISO 2709) : E-mail record : QR code < ปิดหน้าต่าง
LEADER : 00000nam 2200000uu 4500
001    13399107893
003     ULIB
008    110209s||||||||th 000 0 tha d
020    9789747488845
060 04 WZ100^bม258 2550
245 00 มองอนาคตกับพ่อเสม /^cมูลนิธิแพทย์ชนบท
250    พิมพ์ครั้งที่ 1
260    นนทบุรี :^bมูลนิธิ,^c2550
300    133 หน้า :^bภาพประกอบ ;^c21 ซม.
500    จัดพิมพ์เนื่องในโอกาส นพ.เสม พริ้งพวงแก้วมีอายุครบ 96 ปี
600 07 เสม พริ้งพวงแก้ว,^d2454- ^xผลงาน
650  7 ระบบบริการสุขภาพ^xรวมเรื่อง
650  7 สาธารณสุขมูลฐาน, การบริการ
650  7 บริการสุขภาพ
710 2  มูลนิธิแพทย์ชนบท
945    ^p0^l0^i021970
995    เกษร
999 ^a ใช้งานได้ทุกระบบ
รายการนี้ยังไม่มีแท็ก
คุณยังไม่ได้ล็อกอิน คุณสามารถมีกิจกรรมร่วมกับเว็บไซต์ได้ แต่ต้องล็อกอินก่อน ::
  ล็อกอิน

รายการสื่อสารสนเทศ

ลำดับที่ ประเภท เลขเรียก/บาร์โค้ด สถานที่ สถานะ
- ไม่พบข้อมูล -

รายการใกล้เคียง
    หัวเรื่อง [สาธารณสุขมูลฐาน, การบริการ]
    หัวเรื่อง [บริการสุขภาพ]

BibComment


ยังไม่เคยถูกคอมเมนท์

คอมเมนท์ทรัพยากรรายการนี้
  คอมเมนท์: มองอนาคตกับพ่อเสม..


 Copyright 2026. Bcnsprnw @Library